| 000 | 00761cam a2200253 4500 | ||
|---|---|---|---|
| 001 | 14541 | ||
| 003 | BD-RjUL | ||
| 005 | 20211208235640.0 | ||
| 008 | 140206r19721967enkab b 001 0 eng | ||
| 020 |
_a0304928585 (v. 1) _a0304936715 (v. 2) |
||
| 035 | _a(BD-RjUL)14594 | ||
| 040 |
_aDLC _cDLC _dDLC _dBD-RjUL _beng |
||
| 041 | _aeng | ||
| 082 | 0 | 0 |
_a551.4 _bSES 1972 |
| 100 | 1 |
_aSelby, Michael John. _945347 |
|
| 245 | 1 | 4 |
_aThe surface of the earth / _cM. J. Selby. |
| 260 |
_aLondon : _bCassell, _cc1967 [Impression 1972]. |
||
| 300 |
_a272 p : _billus., maps (part col.) ; _c26 cm. |
||
| 504 | _aBibliography: v. 1, p. 265-267 and index. | ||
| 505 | _aVol. 1 -- v. 2 -- | ||
| 650 | 0 |
_aPhysical geography. _945348 |
|
| 942 |
_2ddc _cBK |
||
| 999 |
_c14541 _d14541 |
||